00522nam a2200121Ia 4500008004100000082002300041100001700064245009600081260002500177365000600202630009600208730009600304100415s9999 xx 000 0 und d b14059a574.5(5475) aMehta Sanat aSardar Sarovar Project : a planned ecological harmony amongst Men, Water, Land & Vegitation aGUJARATc1988bSSNNL b0 aSardar Sarovar Project : a planned ecological harmony amongst Men, Water, Land & Vegitation aSardar Sarovar Project : a planned ecological harmony amongst Men, Water, Land & Vegitation